<?xml version="1.0" encoding="UTF-8"?><?xml-stylesheet type="text/xsl" href="static/style.xsl"?><OAI-PMH xmlns="http://www.openarchives.org/OAI/2.0/" xmlns:xsi="http://www.w3.org/2001/XMLSchema-instance" xsi:schemaLocation="http://www.openarchives.org/OAI/2.0/ http://www.openarchives.org/OAI/2.0/OAI-PMH.xsd"><responseDate>2026-04-17T17:30:51Z</responseDate><request verb="GetRecord" identifier="oai:www.recercat.cat:2117/109296" metadataPrefix="marc">https://recercat.cat/oai/request</request><GetRecord><record><header><identifier>oai:recercat.cat:2117/109296</identifier><datestamp>2025-07-22T21:14:15Z</datestamp><setSpec>com_2072_1033</setSpec><setSpec>col_2072_452951</setSpec></header><metadata><record xmlns="http://www.loc.gov/MARC21/slim" xmlns:dcterms="http://purl.org/dc/terms/" xmlns:xsi="http://www.w3.org/2001/XMLSchema-instance" xmlns:doc="http://www.lyncode.com/xoai" xsi:schemaLocation="http://www.loc.gov/MARC21/slim http://www.loc.gov/standards/marcxml/schema/MARC21slim.xsd">
   <leader>00925njm 22002777a 4500</leader>
   <datafield ind2=" " ind1=" " tag="042">
      <subfield code="a">dc</subfield>
   </datafield>
   <datafield ind2=" " ind1=" " tag="720">
      <subfield code="a">Rodríguez Gálvez, Borja</subfield>
      <subfield code="e">author</subfield>
   </datafield>
   <datafield ind2=" " ind1=" " tag="260">
      <subfield code="c">2017-08-02</subfield>
   </datafield>
   <datafield ind2=" " ind1=" " tag="520">
      <subfield code="a">In this thesis, we explored the idea of texture as a tumor segmentation&#xd;
approach in MR images. To deal with this, we extended the definition of the&#xd;
texture descriptors provided by Kovalev et al., co-occurrence matrices [1].&#xd;
Then, we defined a rotation-robust feature space derived from the natural&#xd;
feature space that our definition of co-occurence matrices defined. We used&#xd;
these features to train a random forest classifier [2] and see if tumors could&#xd;
be detected from MR images, and if the different tissues within a tumor&#xd;
could be distinguished.</subfield>
   </datafield>
   <datafield ind2=" " ind1=" " tag="520">
      <subfield code="a">En este trabajo, hemos explorado la idea de textura como método de segmentación de tumores en imágenes de resonancia magnética. Para ello, hemos extendido la definición de descriptores de textura proporcionada por Kovalev et al., las matrices de co-ocurrencia [1]. Luego, hemos definido un espacio robusto ante rotaciones derivado del espacio de características que nuestra definición de matrices de co-ocurrencia definía naturalmente. Hemos utilizado estas características para entrenar un clasificador "random forest" [2] y hemos visto si podíamos detectar tumores en dichas imágenes, y si podíamos distinguir entre distintos tipos de tejidos dentro del propio tumor.</subfield>
   </datafield>
   <datafield ind2=" " ind1=" " tag="520">
      <subfield code="a">En aquest treball, hem explorat la idea de textura com a mètode de segmentació de tumors en imatges de ressonància magnètica. Per fer-ho, hem extès la definició de descriptors de textura proporcionada per Kovalev et al., les matrius de co-ocurrencia [1]. Després, hem definit un espai robust davant de rotacions derivat de l'espai de característiques que la nostra definició de les matrius de co-ocurrencia definia naturalment. Hem fet servir aquestes característiques per entrenar un classificador "random forest" [2] i hem vist si podíem detectar tumors en aquestes imatges, i si podíem distingir entre diferents tipus de teixits dintre del propi tumor.</subfield>
   </datafield>
   <datafield tag="653" ind2=" " ind1=" ">
      <subfield code="a">Àrees temàtiques de la UPC::Enginyeria de la telecomunicació</subfield>
   </datafield>
   <datafield tag="653" ind2=" " ind1=" ">
      <subfield code="a">Imaging systems in medicine</subfield>
   </datafield>
   <datafield tag="653" ind2=" " ind1=" ">
      <subfield code="a">Biomedical engineering</subfield>
   </datafield>
   <datafield tag="653" ind2=" " ind1=" ">
      <subfield code="a">Parallel programming (Computer science)</subfield>
   </datafield>
   <datafield tag="653" ind2=" " ind1=" ">
      <subfield code="a">Brain tumor segmentation</subfield>
   </datafield>
   <datafield tag="653" ind2=" " ind1=" ">
      <subfield code="a">texture descriptors</subfield>
   </datafield>
   <datafield tag="653" ind2=" " ind1=" ">
      <subfield code="a">co-occurrence matrices</subfield>
   </datafield>
   <datafield tag="653" ind2=" " ind1=" ">
      <subfield code="a">random forests</subfield>
   </datafield>
   <datafield tag="653" ind2=" " ind1=" ">
      <subfield code="a">Segmentación de tumores cerebrales</subfield>
   </datafield>
   <datafield tag="653" ind2=" " ind1=" ">
      <subfield code="a">descriptores de textura</subfield>
   </datafield>
   <datafield tag="653" ind2=" " ind1=" ">
      <subfield code="a">matrices de co-ocurrencia</subfield>
   </datafield>
   <datafield tag="653" ind2=" " ind1=" ">
      <subfield code="a">random forests</subfield>
   </datafield>
   <datafield tag="653" ind2=" " ind1=" ">
      <subfield code="a">Imatges -- Processament</subfield>
   </datafield>
   <datafield tag="653" ind2=" " ind1=" ">
      <subfield code="a">Medicina -- Informàtica</subfield>
   </datafield>
   <datafield tag="653" ind2=" " ind1=" ">
      <subfield code="a">Bioenginyeria</subfield>
   </datafield>
   <datafield tag="653" ind2=" " ind1=" ">
      <subfield code="a">Reconeixement de formes (Informàtica)</subfield>
   </datafield>
   <datafield tag="653" ind2=" " ind1=" ">
      <subfield code="a">Imatges mèdiques -- Tractament</subfield>
   </datafield>
   <datafield tag="653" ind2=" " ind1=" ">
      <subfield code="a">Enginyeria biomèdica</subfield>
   </datafield>
   <datafield tag="653" ind2=" " ind1=" ">
      <subfield code="a">Programació en paral·lel (Informàtica)</subfield>
   </datafield>
   <datafield ind2="0" ind1="0" tag="245">
      <subfield code="a">Texture-Based brain tumor segmentation in MR images</subfield>
   </datafield>
   <datafield ind2="0" ind1="0" tag="245">
      <subfield code="a">Segmentación de tumores cerebrales en imágenes de resonancia magnética mediante textura</subfield>
   </datafield>
   <datafield ind2="0" ind1="0" tag="245">
      <subfield code="a">Segmentació de tumors cerebrals en imatges de ressonància magnètica mitjançant textura</subfield>
   </datafield>
</record></metadata></record></GetRecord></OAI-PMH>